| 000 | 00597nam a2200181Ia 4500 | ||
|---|---|---|---|
| 003 | OSt | ||
| 005 | 20210901103759.0 | ||
| 007 | oc | ||
| 008 | 190216s9999||||xx |||||||||||||| ||und|| | ||
| 040 | _coclc | ||
| 082 |
_a297 _bALM/J |
||
| 100 |
_aAl Mahmud, Abdullah Ibin Zaid _98730 |
||
| 245 | 0 |
_aJawaz Al Ihram Min Jiddha Li Al Rukkabi Al Thaerathi Wa Al-Sufni Wac Bahri Wa Thwurqui Thakfeefi Dhabhi Al Nuski Bi Minai / _cAbdullah Ibin Zaid Al Mahmud |
|
| 260 |
_bAl Huda Book Stall, _aTirur: |
||
| 300 | _a17p | ||
| 650 | _aArabic | ||
| 942 |
_cBK _2ddc _h297 _iALM/J _k297 _mALM/J |
||
| 999 |
_c373 _d373 |
||